| 000 | 00842nam a22001937a 4500 | ||
|---|---|---|---|
| 999 |
_c58448 _d58448 |
||
| 005 | 20220215115259.0 | ||
| 008 | 220215s2020en xxu||||| |||| 00| 0 eng d | ||
| 041 | _aeng | ||
| 082 | _2662.959.63(479.22) G-67 | ||
| 100 |
_aGochitashvili, teimuraz _913536 |
||
| 245 |
_aOil and Gas Sector of GEORGIA in the transition Period / _cTeimuraz Gochitashvili, edit. Teimuraz Javakishvili. |
||
| 264 |
_aTBILISI, _c2020. |
||
| 300 |
_a180 p :. _c22cm. |
||
| 653 | _aOil and Gas Sector of GEORGIA in the transition Period | ||
| 653 | _aსაქართველოს ნავთობისა და გაზის სექტორი გარდამავალ პერიოდში | ||
| 653 | _aნავთობი, გაზი | ||
| 700 |
_aJavakishvili, Teimuraz _cრედაქტორი _913537 |
||
| 942 |
_2udc _cBK |
||